000 00820nam a2200229Ii 4500
003 JO-AjNU
008 230605s9999||||xx |||||||||||||| ||und||
017 _a2009/8/3793
020 _a9957-16-560-4
040 _aJO-AjNU
_bara
_erda
_cJO-AjNU
041 _aara
050 1 4 _aKMJ4096.F3288.2010
100 3 _a قزمار ، نادية محمد ,
_eauthor
_912268
245 0 0 _aالجراحة التجميلية الجوانب القانونية والشرعية " دراسة مقارنة "
250 _aط1
264 3 1 _aعمان : دار الثقافة ، 2010
300 _a350ص
_bيشتمل على مراجع ببلوغرافية ص ( 333 -350 )
336 _atext
_btxt
_2rdacontent
337 _aunmediated
_bn
_2rdamedia
338 _avolume
_bnc
_2rdacarrier
650 4 _aجراحة التجميل
_912269
999 _aA2751
_c6319
_d6319